| 000 -LEADER | |
|---|---|
| fixed length control field | 00398nam a22001697a 4500 |
| 005 - DATE AND TIME OF LATEST TRANSACTION | |
| control field | 20160629155854.0 |
| 008 - FIXED-LENGTH DATA ELEMENTS--GENERAL INFORMATION | |
| fixed length control field | 160629b xxu||||| |||| 00| 0 eng d |
| 020 ## - INTERNATIONAL STANDARD BOOK NUMBER | |
| ISBN | 978-93-80027-12-8 |
| 041 ## - LANGUAGE CODE | |
| Language code of text/sound track or separate title | eng |
| 082 ## - DEWEY DECIMAL CLASSIFICATION NUMBER | |
| Item number | 12786 |
| 100 ## - MAIN ENTRY--AUTHOR NAME | |
| Personal name | Agarwal, R K |
| 245 ## - TITLE STATEMENT | |
| Title | Electrical Machine Design |
| 260 ## - PUBLICATION, DISTRIBUTION, ETC. (IMPRINT) | |
| Name of publisher | Katson |
| Year of publication | 2012 |
| 300 ## - PHYSICAL DESCRIPTION | |
| Number of Pages | 1650 |
| 650 ## - SUBJECT ADDED ENTRY--TOPICAL TERM | |
| Topical Term | Diploma Engineering |
| 942 ## - ADDED ENTRY ELEMENTS (KOHA) | |
| Koha item type | Books |
| Lost status | Damaged status | Home library | Current library | Shelving location | Date acquired | Cost, normal purchase price | Full call number | Accession Number | Koha item type |
|---|---|---|---|---|---|---|---|---|---|
| JRU Library | SHELF-39-A | 29/06/2016 | 275.00 | 12786 | 12786 | Books | |||
| JRU Library | 29/06/2016 | 275.00 | 12786 | 12787 | Books | ||||
| JRU Library | SHELF-40-G | 29/06/2016 | 275.00 | 12786 | 12788 | Books | |||
| JRU Library | SHELF-40-B | 29/06/2016 | 275.00 | 12786 | 12789 | Books | |||
| JRU Library | SHELF-40-F | 29/06/2016 | 275.00 | 12786 | 12790 | Books | |||
| JRU Library | SHELF-39-B | 29/06/2016 | 275.00 | 12786 | 12791 | Books | |||
| JRU Library | 29/06/2016 | 275.00 | 12786 | 12792 | Books | ||||
| JRU Library | SHELF-40-B | 29/06/2016 | 275.00 | 12786 | 12793 | Books | |||
| JRU Library | SHELF-40-D | 29/06/2016 | 275.00 | 12786 | 12794 | Books | |||
| JRU Library | 29/06/2016 | 275.00 | 12786 | 12795 | Books | ||||
| JRU Library | SHELF-40-B | 29/06/2016 | 275.00 | 12786 | 12796 | Books |